000 00550nam a2200193Ia 4500
005 20250508164226.0
008 008 250505s9999 xx 000 0 hin d
037 _aReference
040 _aFEDL
_beng
_cFEDL
041 _ahin
_2hin
084 _a300, SCE/RR
_qFEDL
245 0 _aHamara samaj hamara rajya: Nagrik shastra, kaksha 8
245 0 _cSCERT (Delhi India)
260 _aDelhi, India
_bDelhi Bureau of Textbook
_c2004
300 _a81p
365 _aINR
_b1.5
942 _cREF
_h300, SCE/RR
999 _c1387681
_d1387681